000 00511nam a2200169 a 4500
005 20140412111300.0
008 030414s19uu xx 00 eng d
020 _a0-86163-808-5
050 _aTR(PS E
_bSt6He 1984
245 _aStory of Henny Penny (The) /
_cillustrated by Tom and Blonnie Holmes.
260 _aLondon :
_bAward Publications Limited,
_c1984.
300 _a1 v. (unp.) ; ill.
440 _aRead Along With Me
650 _aChickens--Fiction
650 _aMessages--Fiction
999 _c103370
_d103370